TEMPO DI TV - 1954-1993: LA TELEVISIONE RACCONTA (3) (Record n. 107224)

Dettagli MARC
000 -LEADER
fixed length control field 01563agaaa2200313 4500
001 - CONTROL NUMBER
control field 9472
003 - CONTROL NUMBER IDENTIFIER
control field IT-RoPAU
005 - DATE AND TIME OF LATEST TRANSACTION
control field 20220918181256.0
007 - PHYSICAL DESCRIPTION FIXED FIELD--GENERAL INFORMATION
fixed length control field d cvaizq
008 - FIXED-LENGTH DATA ELEMENTS--GENERAL INFORMATION
fixed length control field 50131s9999||||xx ||| | || ||und||
040 ## - CATALOGING SOURCE
Original cataloging agency IT-RoPAU
Transcribing agency IT-RoPAU
041 ## - LANGUAGE CODE
Language code of text/sound track or separate title ITALIANO
100 ## - MAIN ENTRY--PERSONAL NAME
Personal name Lisi Giuseppe
Miscellaneous information Codice regista SPICS: 6470
9 (RLIN) 51048
130 ## - MAIN ENTRY--UNIFORM TITLE
Uniform title TEMPO DI TV - 1954-1993: LA TELEVISIONE RACCONTA (3)
9 (RLIN) 51049
245 ## - TITLE STATEMENT
Title TEMPO DI TV - 1954-1993: LA TELEVISIONE RACCONTA (3)
Statement of responsibility, etc. Diretto da: Lisi Giuseppe
Name of part/section of a work TEMPO DI TV - 1954-1993: LA TELEVISIONE RACCONTA (3) (Rif. Codice opera principale : B9472)
250 ## - EDITION STATEMENT
Edition statement Edizione Standard
260 ## - PUBLICATION, DISTRIBUTION, ETC. (IMPRINT)
Place of publication, distribution, etc. ROMA (ITALIA)
Name of publisher, distributor, etc. RAI - RADIO TELEVISIONE ITALIANA / Distribuzione: RAI
Date of manufacture "1993 (1° ed.: 1993 ; Ed. Lingua Orig.: 1993)"
300 ## - PHYSICAL DESCRIPTION
Extent VHS
Other physical details sonoro, col.
Dimensions 70 minuti
508 ## - CREATION/PRODUCTION CREDITS NOTE
Creation/production credits note Soggetto: Lisi Giuseppe -- De Vita Francesca
511 ## - PARTICIPANT OR PERFORMER NOTE
Participant or performer note "Angela Piero; Sampo' Enza; Cecchi; Paone Alessandro"
520 ## - SUMMARY, ETC.
Summary, etc. QUARANTA ANNI DI TELEVISIONE TARGATA RAI IN UN MEMORIAL LINE IN QUATTRO PARTI CHE RIPERCORRE LA STORIA DEL NOSTRO PAESE. IN QUESTA PARTE LA CRONACA DEGLI ANNI 1972-1980: IN LABORATORIO.
538 ## - SYSTEM DETAILS NOTE
System details note PAL, STEREO
546 ## - LANGUAGE NOTE
Language note ITALIANO
650 ## - SUBJECT ADDED ENTRY--TOPICAL TERM
Topical term or geographic name as entry element CULTURALE
Relator term TV-PROG. DIDATTICO/CULTURALI-DOCUMENTARI [VHS]
General subdivision Codice MATERIA SPICS: 9962
9 (RLIN) 51050
700 ## - ADDED ENTRY--PERSONAL NAME
Personal name De Vita Francesca
Relator term (soggetto)
Miscellaneous information Codice Soggetto 2° SPICS: 25390
9 (RLIN) 51051
700 ## - ADDED ENTRY--PERSONAL NAME
Personal name Lisi Giuseppe
Relator term (regista)
Miscellaneous information Codice regista SPICS: 6470
9 (RLIN) 51052
700 ## - ADDED ENTRY--PERSONAL NAME
Personal name Lisi Giuseppe
Relator term (soggetto)
Miscellaneous information Codice Soggetto SPICS: 6470
9 (RLIN) 51053
942 ## - ADDED ENTRY ELEMENTS (KOHA)
Koha item type VHS - VIDEO
Source of classification or shelving scheme Dewey Decimal Classification
Dati di copia
Withdrawn status Lost status Damaged status Not for loan Home library Current library Date acquired Total Checkouts Full call number Date last seen Price effective from Koha item type Public note
    Buone Condizioni Not For Loan SPICS-MEDIATECA SPICS-MEDIATECA 31/01/2015   B9472 31/01/2015 31/01/2015 VHS - VIDEO Progr. Ins.: 245 / N.Vol.:1 / Copie: 1 / Pag.:0 / Copia rara: n.d. / date import: 1.2.2015 / By Epidotti, Trombetti, Vaglietti
CREDITS: SOCIETA' SAN PAOLO Via A.Severo, 58 - ROMA (RM) & PERIODICI SAN PAOLO SRL Via Giotto, 36 MILANO & CISF Via Giotto, 36 MILANO & EDIZIONI SAN PAOLO SRL,  Piazza Soncino, 5 CINISELLO BALSAMO (MI) -- ITALY